Dirección de mercadotecnia : an lisis, planeación, implementación y control / Philip Kotler (Registro nro. 14780)
[ vista simple ]
| 000 -LÍDER | |
|---|---|
| fixed length control field | 00569nam a2200181 4500 |
| 008 - ELEMENTOS DE LONGITUD FIJA -- INFORMACIÓN GENERAL | |
| fixed length control field | 0 1996 0a 000 0MEX |
| 020 ## - NÚMERO INTERNACIONAL NORMALIZADO PARA LIBROS | |
| ISBN | 968-880-676-5 |
| 050 ## - SIGNATURA TOPOGRAFICA DE LA BIBLIOTECA DEL CONGRESO (LC) | |
| Número de Clasificación | HF545.13 K87 1996 |
| 082 ## - NUMERO DE CLASIFICACION DECIMAL DEWEY | |
| Número de Clasificación | 658.83 K254d |
| 100 ## - ASIENTO PRINCIPAL--NOMBRE PERSONAL | |
| Nombre personal | Kotler, Philip |
| 245 ## - TÍTULO | |
| Título | Dirección de mercadotecnia : an lisis, planeación, implementación y control / Philip Kotler |
| 250 ## - MENCIÓN DE EDICIÓN | |
| Mención de edición | 8 |
| 260 ## - PUBLICACIÓN, DISTRIBUCIÓN, ETC. (PIE DE IMPRENTA) | |
| Lugar de publicación, distribución, etc. | México : Prentice-Hall |
| 300 ## - DESCRIPCIÓN FÍSICA | |
| Extensión | xxix, 800 p. / 27 cm. |
| 500 ## - NOTA GENERAL | |
| Nota general | Incluye índice |
| 650 ## - ASIENTO SECUNDARIO DE MATERIA - TERMINO TEMÁTICO | |
| Término temático o nombre geográfico como elemento de entrada | 1.MERCADOTECNIA-ADMINISTRACIÓN |
| 700 ## - ASIENTO SECUNDARIO - NOMBRE PERSONAL | |
| Nombre personal | Córdova Just, Arturo, Tr. |
| No. biblioteca | No. biblioteca | Número de clasificación | Código de barras/Número de adquisición | Número de copia | Tipo de material |
|---|---|---|---|---|---|
| LUIS G. INCLAN | LUIS G. INCLAN | 658.83 K254d | 34218 | 1 | Libros |
| LUIS G. INCLAN | LUIS G. INCLAN | 658.83 K254d | 24483 | 2 | Libros |
